[Event "II MIEDZYNARODOWY MEMORIAL IM. REGINY GE"]
[Site "Lublin"]
[Date "2012.??.??"]
[Round "8.3"]
[White "Fraczek, Dariusz"]
[Black "Maka, Michal"]
[Result "1-0"]
[WhiteElo "2212"]
[BlackElo "2017"]
[PlyCount "57"]
[EventDate "2012.??.??"]

1. e4 e5 2. Nf3 Nc6 3. Bb5 g6 4. O-O Bg7 5. c3 d6 6. d4 Bd7 7. Re1 Nge7 8. Be3
O-O 9. dxe5 dxe5 10. Nbd2 a6 11. Ba4 b5 12. Bc2 h6 13. Nb3 g5 14. Nc5 Bg4 15.
Qxd8 Rfxd8 16. Nd2 Nc8 17. f3 Bh5 18. b4 a5 19. a3 Bf8 20. Nb7 Re8 21. Bd3 Re6
22. Nb3 axb4 23. axb4 Rb8 24. N3c5 Bxc5 25. Nxc5 Rd6 26. Ra6 N6e7 27. Rxd6 Nxd6
28. Nd7 Ra8 29. Nf6+ 1-0

[Event "II MIEDZYNARODOWY MEMORIAL IM. REGINY GE"]
[Site "Lublin"]
[Date "2012.??.??"]
[Round "8.4"]
[White "Krasowski, Piotr"]
[Black "Krzyzanowski, Wojciech"]
[Result "1-0"]
[WhiteElo "1795"]
[BlackElo "2010"]
[PlyCount "41"]
[EventDate "2012.??.??"]

1. e4 c5 2. Nc3 Nc6 3. f4 d6 4. Bc4 e6 5. Nf3 Nf6 6. Be2 Be7 7. d3 O-O 8. O-O
d5 9. e5 Nd7 10. Qe1 f6 11. Qg3 f5 12. a4 Kh8 13. Kh1 Rg8 14. Bd2 Nf8 15. Bd1
Ng6 16. Ne2 d4 17. Neg1 a5 18. Nh3 Bh4 19. Nhg5 h6 20. Nxh4 hxg5 21. Nxg6+ 1-0

[Event "II MIEDZYNARODOWY MEMORIAL IM. REGINY GE"]
[Site "Lublin"]
[Date "2012.??.??"]
[Round "8.5"]
[White "Wojcieszyn, Zdzislaw"]
[Black "Szczygiel, Konrad"]
[Result "1/2-1/2"]
[WhiteElo "1958"]
[BlackElo "1824"]
[PlyCount "44"]
[EventDate "2012.??.??"]

1. c4 Nf6 2. Nc3 e6 3. g3 d5 4. Bg2 c6 5. cxd5 exd5 6. d4 Be7 7. Nf3 O-O 8. O-O
Be6 9. Qc2 Nbd7 10. Nh4 Ne4 11. Bxe4 dxe4 12. Qxe4 Nf6 13. Qd3 Bh3 14. Ng2 Qd7
15. Rd1 Rad8 16. Bg5 Nd5 17. Bxe7 Nxe7 18. Nf4 Ng6 19. Nxh3 Qxh3 20. Qf3 Rd6
21. Ne4 Rd5 22. Qg2 Qe6 1/2-1/2

[Event "II MIEDZYNARODOWY MEMORIAL IM. REGINY GE"]
[Site "Lublin"]
[Date "2012.??.??"]
[Round "8.7"]
[White "Dybowski, Artur"]
[Black "Gosek, Zenon"]
[Result "1/2-1/2"]
[WhiteElo "1680"]
[BlackElo "2054"]
[PlyCount "44"]
[EventDate "2012.??.??"]

1. Nf3 c5 2. g3 Nc6 3. Bg2 g6 4. O-O Bg7 5. e3 e5 6. d3 d5 7. Nbd2 Nf6 8. c4
O-O 9. Nb3 Qe7 10. Qc2 Nb4 11. Qe2 Bg4 12. e4 d4 13. h3 Be6 14. a3 Nc6 15. Ng5
Qd7 16. f4 h6 17. Nf3 Nh5 18. Kh2 Rae8 19. Bd2 b6 20. a4 a5 21. Rae1 Qd8 22.
Qf2 f5 1/2-1/2

[Event "II MIEDZYNARODOWY MEMORIAL IM. REGINY GE"]
[Site "Lublin"]
[Date "2012.??.??"]
[Round "8.8"]
[White "Gorecki, Jaroslaw"]
[Black "Pikulinski, Janusz"]
[Result "0-1"]
[WhiteElo "1562"]
[BlackElo "1999"]
[PlyCount "61"]
[EventDate "2012.??.??"]

1. e4 e5 2. f4 exf4 3. Nf3 d6 4. d4 Nf6 5. Nc3 Be7 6. Bxf4 O-O 7. Qd2 d5 8. e5
Ne4 9. Qe3 Nxc3 10. Qxc3 Nc6 11. a3 f6 12. O-O-O fxe5 13. Bxe5 Nxe5 14. Nxe5 c5
15. Nf3 c4 16. Qe3 Bg4 17. Kb1 Bf5 18. Qc3 b5 19. Ne5 Qc7 20. g4 Be4 21. Rg1 a5
22. g5 b4 23. axb4 axb4 24. Qh3 Bf5 25. Bxc4 Bxh3 26. Bxd5+ Kh8 27. Bxa8 Rxa8
28. g6 hxg6 29. Rg3 Bf5 30. Nxg6+ Kh7 31. Ne5 0-1

[Event "II MIEDZYNARODOWY MEMORIAL IM. REGINY GE"]
[Site "Lublin"]
[Date "2012.??.??"]
[Round "9.1"]
[White "Krasowski, Piotr"]
[Black "Polkowski, Piotr"]
[Result "0-1"]
[WhiteElo "1795"]
[BlackElo "2179"]
[PlyCount "74"]
[EventDate "2012.??.??"]

1. e4 e5 2. Nf3 Nc6 3. Bb5 a6 4. Ba4 Nf6 5. O-O d6 6. d4 b5 7. Bb3 Be7 8. dxe5
dxe5 9. Qxd8+ Bxd8 10. Nc3 Bb7 11. Bg5 h6 12. Bxf6 Bxf6 13. Nd5 Bd8 14. Ne3 O-O
15. Bd5 Re8 16. Ng4 Rb8 17. c3 h5 18. Bxc6 Bxc6 19. Ngxe5 Bxe4 20. Nd7 Ra8 21.
Rfe1 f6 22. Nh4 Kf7 23. Nc5 Bd5 24. Nf5 Rxe1+ 25. Rxe1 g6 26. Rd1 c6 27. Ne3
Bxa2 28. Rd7+ Be7 29. Nb7 Ke6 30. Rc7 Bd5 31. Na5 Bd8 32. Nxd5 cxd5 33. Rc6+
Kd7 34. b4 Bxa5 35. Rxf6 Bc7 36. Rxg6 Be5 37. Rg5 Bxc3 0-1

[Event "II MIEDZYNARODOWY MEMORIAL IM. REGINY GE"]
[Site "Lublin"]
[Date "2012.??.??"]
[Round "9.2"]
[White "Praszak, Michal"]
[Black "Fraczek, Dariusz"]
[Result "1/2-1/2"]
[WhiteElo "2156"]
[BlackElo "2212"]
[PlyCount "42"]
[EventDate "2012.??.??"]

1. d4 Nf6 2. c4 g6 3. Nc3 Bg7 4. e4 d6 5. Be2 O-O 6. Bg5 c5 7. d5 e6 8. Nf3
exd5 9. cxd5 h6 10. Bf4 b5 11. Bxb5 Nxe4 12. Nxe4 Qa5+ 13. Qd2 Qxb5 14. Nxd6
Qxb2 15. Qxb2 Bxb2 16. Rb1 Bc3+ 17. Nd2 g5 18. Be3 Na6 19. O-O Bxd2 20. Bxd2
Rd8 21. Ne4 Bf5 1/2-1/2

[Event "II MIEDZYNARODOWY MEMORIAL IM. REGINY GE"]
[Site "Lublin"]
[Date "2012.??.??"]
[Round "9.3"]
[White "Siedlanowski, Lukasz"]
[Black "Czerw, Dawid"]
[Result "1/2-1/2"]
[WhiteElo "1853"]
[BlackElo "1880"]
[PlyCount "51"]
[EventDate "2012.??.??"]

1. e4 e6 2. d4 d5 3. Nd2 Be7 4. Bd3 c5 5. dxc5 Nf6 6. Qe2 Nc6 7. c3 Bxc5 8.
Ngf3 O-O 9. O-O Re8 10. e5 Nd7 11. Nb3 Be7 12. Nbd4 Nc5 13. Bc2 a5 14. Bd2 f5
15. exf6 Bxf6 16. Rfe1 Bd7 17. Nb5 b6 18. Rad1 e5 19. b4 axb4 20. cxb4 Ne6 21.
Bb3 e4 22. Bxd5 exf3 23. Qxf3 Ne5 24. Qb3 Bxb5 25. Bxe6+ Kh8 26. Qh3 1/2-1/2

[Event "II MIEDZYNARODOWY MEMORIAL IM. REGINY GE"]
[Site "Lublin"]
[Date "2012.??.??"]
[Round "9.4"]
[White "Maka, Michal"]
[Black "Wojcieszyn, Zdzislaw"]
[Result "1-0"]
[WhiteElo "2017"]
[BlackElo "1958"]
[PlyCount "41"]
[EventDate "2012.??.??"]

1. Nf3 c5 2. c4 Nc6 3. d4 cxd4 4. Nxd4 Nf6 5. Nc3 e6 6. g3 Bb4 7. Qd3 Ne5 8.
Qc2 Nxc4 9. e4 d5 10. Bxc4 dxc4 11. Qa4+ Qd7 12. Qxb4 Qxd4 13. Be3 Qd3 14. Rd1
a5 15. Qb5+ Bd7 16. Qxb7 O-O 17. Rxd3 cxd3 18. e5 Rab8 19. Qc7 Rfc8 20. Qxa5
Bc6 21. O-O 1-0

[Event "II MIEDZYNARODOWY MEMORIAL IM. REGINY GE"]
[Site "Lublin"]
[Date "2012.??.??"]
[Round "9.5"]
[White "Szczygiel, Konrad"]
[Black "Pikulinski, Janusz"]
[Result "0-1"]
[WhiteElo "1824"]
[BlackElo "1999"]
[PlyCount "64"]
[EventDate "2012.??.??"]

1. d4 Nf6 2. c4 e6 3. Nc3 Bb4 4. Bg5 c5 5. Bxf6 Qxf6 6. e3 Nc6 7. Nge2 e5 8.
dxc5 e4 9. a3 Ne5 10. Nd4 Bxc3+ 11. bxc3 O-O 12. Be2 Qe7 13. Nf5 Qxc5 14. Qd4
Qc7 15. Qxe4 d5 16. Qf4 Bxf5 17. Qxf5 dxc4 18. O-O Rfd8 19. Rad1 g6 20. Qf4 b5
21. Rd4 Qc5 22. Rfd1 Nc6 23. Rxd8+ Rxd8 24. Rxd8+ Nxd8 25. Qb8 Qb6 26. Qc8 Kg7
27. Bg4 Nb7 28. Qe8 Qc5 29. g3 Nd6 30. Qe7 h5 31. Be6 Qe5 32. Qxa7 Qxe6 0-1

[Event "II MIEDZYNARODOWY MEMORIAL IM. REGINY GE"]
[Site "Lublin"]
[Date "2012.??.??"]
[Round "9.7"]
[White "Fiala, Lukasz"]
[Black "Szysz, Mateusz"]
[Result "0-1"]
[WhiteElo "1674"]
[BlackElo "1627"]
[PlyCount "53"]
[EventDate "2012.??.??"]

1. e4 c6 2. Nc3 d5 3. Nf3 dxe4 4. Nxe4 Bf5 5. Ng3 Bg6 6. h4 h6 7. Ne5 Bh7 8.
Qh5 g6 9. Bc4 e6 10. Qe2 Qc7 11. d4 Bg7 12. Bf4 Qe7 13. Ne4 Nf6 14. Nd6+ Qxd6
15. Nxf7 Qxf4 16. Qxe6+ Kf8 17. Nxh8 Qe4+ 18. Qxe4 Nxe4 19. Nf7 Bg8 20. Ne5
Bxe5 21. Bxg8 Bxd4 22. Bc4 Bxb2 23. Rd1 Bc3+ 24. Ke2 Bf6 25. Kf3 Nc5 26. h5
Nbd7 27. hxg6 0-1

[Event "II MIEDZYNARODOWY MEMORIAL IM. REGINY GE"]
[Site "Lublin"]
[Date "2012.??.??"]
[Round "9.8"]
[White "Topolan, Pawel"]
[Black "Gosek, Zenon"]
[Result "0-1"]
[WhiteElo "1316"]
[BlackElo "2054"]
[PlyCount "61"]
[EventDate "2012.??.??"]

1. e4 c5 2. Nf3 e6 3. d4 cxd4 4. Nxd4 Nf6 5. Nc3 d6 6. Be3 a6 7. f3 Qc7 8. Qd2
Be7 9. O-O-O Nc6 10. g4 h6 11. g5 hxg5 12. Bxg5 b5 13. Bxf6 gxf6 14. Ncxb5 axb5
15. Nxb5 Qb8 16. Nxd6+ Bxd6 17. Qxd6 Qxd6 18. Rxd6 Ne5 19. f4 Ng6 20. f5 Ke7
21. Rc6 Ne5 22. Rc7+ Kd6 23. Rc3 Rxa2 24. Kb1 Ra4 25. Bb5 Rd4 26. Rf1 Bd7 27.
Bxd7 Nxd7 28. Re3 Rxh2 29. c3 Rdd2 30. b4 Ne5 31. Kc1 0-1

[Event "II MIEDZYNARODOWY MEMORIAL IM. REGINY GE"]
[Site "Lublin"]
[Date "2012.??.??"]
[Round "9.9"]
[White "Fraczek, Weronika"]
[Black "Dybowski, Artur"]
[Result "1/2-1/2"]
[WhiteElo "1309"]
[BlackElo "1680"]
[PlyCount "57"]
[EventDate "2012.??.??"]

1. e4 e5 2. Nf3 d6 3. c3 Nd7 4. Bc4 Nb6 5. Bb3 Be7 6. O-O Bg4 7. h3 Bh5 8. d4
Bf6 9. d5 Ne7 10. Be3 O-O 11. Nbd2 Qd7 12. Qc1 c6 13. c4 cxd5 14. cxd5 Rac8 15.
Qe1 Ng6 16. Rc1 Be7 17. Bxb6 axb6 18. Qe3 f5 19. exf5 Qxf5 20. Qxb6 Rxc1 21.
Rxc1 e4 22. Nh2 Bg5 23. g4 Qf4 24. gxh5 Nh4 25. Qd4 Qxd2 26. Qxd2 Bxd2 27. Rc2
e3 28. fxe3 Bxe3+ 29. Kh1 1/2-1/2